Vista normal
Vista MARC
Entrada Materia (personas)
Número de registros utilizados en: 2
001 - CONTROL NUMBER
- control field: 91712
003 - CONTROL NUMBER IDENTIFIER
- control field: Co-BoUCM
005 - DATE AND TIME OF LATEST TRANSACTION
- control field: 20180312083401.0
008 - FIXED-LENGTH DATA ELEMENTS
- fixed length control field: 180312|| aca||aabn | a|a d
040 ## - CATALOGING SOURCE
- Original cataloging agency: Co-BoUCM
- Transcribing agency: Co-BoUCM
100 ## - HEADING--PERSONAL NAME
- Personal name: Sabuco de Nantes Barrera, Oliva
- Dates associated with a name: 1562 -
670 ## - SOURCE DATA FOUND
- Source citation: Work cat.: (Co-BoUCM): Sabuco de Nantes Barrera, Oliva 1562 - , Obras de Doña Oliva Sabuco de Nantes , 1888